[Event "Targu Mures Open"]
[Site "?"]
[Date "2019.10.18"]
[Round "?"]
[White "Badelita, Beniamin"]
[Black "Manea, Alexandru"]
[Result "0-1"]
[WhiteElo "1792"]
[BlackElo "2305"]
[PlyCount "56"]
[EventDate "2019.??.??"]

1. e4 c5 2. Nf3 a6 3. b3 Nc6 4. Bb2 e6 5. d4 cxd4 6. Nxd4 Qc7 7. g3 Nf6 8. Bg2
Nxe4 9. O-O Nf6 10. c4 Be7 11. Nc3 O-O 12. Ne4 Nxe4 13. Bxe4 f5 14. Bg2 Bf6 15.
Rb1 Rb8 16. Nf3 Bxb2 17. Rxb2 b5 18. c5 b4 19. Rd2 Ne7 20. Qc2 Bb7 21. Rfd1 Bd5
22. Ng5 Rb5 23. Bxd5 Nxd5 24. c6 h6 25. cxd7 Qxc2 26. Rxc2 hxg5 27. Rc6 Kf7 28.
Re1 Rd8 0-1

[Event "12th Arad Open 2019"]
[Site "Arad ROU"]
[Date "2019.07.24"]
[Round "1.17"]
[White "Badelita, Beniamin"]
[Black "Stoleriu , George"]
[Result "0-1"]
[WhiteElo "1824"]
[BlackElo "2360"]
[PlyCount "72"]
[EventDate "2019.07.24"]

1. c4 e5 2. g3 Nc6 3. Bg2 g6 4. e3 Bg7 5. Ne2 d6 6. d4 Nge7 7. d5 Nb8 8. Nbc3
O-O 9. O-O f5 10. e4 Nd7 11. Be3 Nf6 12. c5 fxe4 13. cxd6 cxd6 14. Bxe4 Nxe4
15. Nxe4 Bh3 16. Re1 Qd7 17. Qd3 Bg4 18. N2c3 a6 19. f4 Nf5 20. fxe5 Bxe5 21.
Ng5 Nxe3 22. Rxe3 Qg7 23. Nf3 Bf6 24. Rae1 Qf7 25. Ne4 Be7 26. Kg2 Qf5 27. Nf2
Qxd3 28. Rxd3 Bxf3+ 29. Rxf3 Bf6 30. Re6 Bxb2 31. Rxd6 Rxf3 32. Kxf3 Rf8+ 33.
Ke3 Ba3 34. Ne4 Bxd6 35. Nxd6 Rd8 36. Nxb7 Rxd5 0-1

[Event "Romania National Chess Championship 201"]
[Site "Olanesti, Hotel Parang"]
[Date "2019.03.10"]
[Round "9.21"]
[White "Dinca, Ovidiu"]
[Black "Badelita, Beniamin"]
[Result "0-1"]
[WhiteElo "1843"]
[BlackElo "1834"]
[PlyCount "44"]
[EventDate "2019.03.02"]
[EventRounds "9"]

1. d4 Nf6 2. c4 e6 3. Nf3 c5 4. d5 b5 5. dxe6 fxe6 6. cxb5 Be7 7. g3 O-O 8. Bg2
Bb7 9. O-O d5 10. Ng5 Qb6 11. a4 h6 12. Nh3 e5 13. Nd2 a6 14. bxa6 Nxa6 15. e4
d4 16. Nc4 Qc6 17. Nd2 c4 18. f3 Nc5 19. Qc2 Ba6 20. Rd1 Nd3 21. Nf2 Nxf2 22.
Kxf2 Ng4+ 0-1

[Event "Romania National Chess Championship 201"]
[Site "Olanesti, Hotel Parang"]
[Date "2019.03.09"]
[Round "8.19"]
[White "Badelita, Beniamin"]
[Black "Helmer, Janos"]
[Result "0-1"]
[WhiteElo "1834"]
[BlackElo "2024"]
[PlyCount "82"]
[EventDate "2019.03.02"]
[EventRounds "9"]

1. e4 c5 2. Nf3 d6 3. d4 cxd4 4. Nxd4 Nf6 5. Nc3 a6 6. f3 e5 7. Nb3 Be6 8. Be3
Nbd7 9. Qd2 Qc7 10. g4 h6 11. O-O-O Be7 12. Nd5 Bxd5 13. exd5 Nb6 14. Bxb6 Qxb6
15. Kb1 O-O-O 16. h4 Kb8 17. Qg2 Rc8 18. Rd3 Rc7 19. g5 Nh5 20. gxh6 g6 21. Rd1
Nf4 22. Qd2 Rxh6 23. c4 Rd7 24. Qe1 Qc7 25. Rc1 Rd8 26. Rh2 f6 27. Qb4 Ka7 28.
Na5 Rb8 29. Rc3 Qc5 30. Qa4 Bd8 31. b4 Qg1 32. Rhc2 Bxa5 33. Rc1 Bxb4 34. Qxb4
Qb6 35. Qxb6+ Kxb6 36. c5+ dxc5 37. Rb3+ Ka7 38. Rxc5 Rh7 39. d6 Rd7 40. Ra3
Rxd6 41. Rc7 Rd1+ 0-1

[Event "Romania National Chess Championship 201"]
[Site "Olanesti, Hotel Parang"]
[Date "2019.03.08"]
[Round "7.17"]
[White "Bobocea, Laurentiu-Vlad"]
[Black "Badelita, Beniamin"]
[Result "1-0"]
[WhiteElo "1965"]
[BlackElo "1834"]
[PlyCount "61"]
[EventDate "2019.03.02"]
[EventRounds "9"]

1. d4 Nf6 2. c4 e6 3. Nc3 Bb4 4. Qc2 c5 5. dxc5 O-O 6. a3 Bxc5 7. Nf3 Qb6 8. e3
a6 9. Na4 Qc7 10. Nxc5 Qxc5 11. b4 Qc7 12. Bb2 Ne8 13. Bd3 g6 14. Qc3 f6 15. h4
Ng7 16. h5 Nxh5 17. g4 Nf4 18. exf4 Qxf4 19. Be2 b5 20. cxb5 Bb7 21. Qd4 Qxd4
22. Bxd4 axb5 23. Bc5 Rf7 24. Rh3 Na6 25. Bd6 Bc6 26. Nd4 Rc8 27. Nxb5 Be4 28.
Rc3 Rc6 29. Rxc6 Bxc6 30. Nc3 Bb7 31. b5 1-0

[Event "Romania National Chess Championship 201"]
[Site "Olanesti, Hotel Parang"]
[Date "2019.03.03"]
[Round "2.21"]
[White "Iustin, Silviu"]
[Black "Badelita, Beniamin"]
[Result "1-0"]
[WhiteElo "1991"]
[BlackElo "1834"]
[PlyCount "75"]
[EventDate "2019.03.02"]
[EventRounds "9"]

1. e4 c5 2. Nf3 e6 3. d4 cxd4 4. Nxd4 a6 5. Be3 Qc7 6. Nd2 Nf6 7. f4 Nc6 8.
Nxc6 dxc6 9. Qf3 b5 10. Bd3 Bb7 11. O-O c5 12. c4 Rd8 13. Bc2 g6 14. Qe2 Qc6
15. e5 Nh5 16. Be4 Qd7 17. Qf3 Rb8 18. Rad1 Qc7 19. cxb5 axb5 20. Bxb7 Rxb7 21.
Ne4 Be7 22. g4 Ng7 23. Nf6+ Bxf6 24. exf6 Nf5 25. gxf5 gxf5 26. Rd2 Rg8+ 27.
Rg2 Rg6 28. Rxg6 fxg6 29. Qf2 c4 30. Bd4 Qc6 31. Qf3 Qa6 32. Rd1 Rc7 33. Qh3
Qa4 34. Bc3 Qa6 35. Qe3 Qc6 36. Qd4 Qc5 37. Qxc5 Rxc5 38. Rd6 1-0

[Event "Romania National Chess Championship 201"]
[Site "Olanesti, Hotel Parang"]
[Date "2019.03.02"]
[Round "1.21"]
[White "Badelita, Beniamin"]
[Black "Pribeanu, Mihail-Dacian"]
[Result "0-1"]
[WhiteElo "1834"]
[BlackElo "2189"]
[PlyCount "66"]
[EventDate "2019.03.02"]
[EventRounds "9"]

1. e4 c6 2. d4 d5 3. exd5 cxd5 4. Bd3 Nf6 5. h3 Qc7 6. Nf3 g6 7. O-O Nc6 8. c3
Bf5 9. Re1 Bg7 10. Bf1 O-O 11. Nbd2 Rad8 12. Ne5 Nxe5 13. dxe5 Nd7 14. f4 Qb6+
15. Kh2 f6 16. Nf3 Be4 17. exf6 Bxf6 18. Qe2 Qd6 19. Kh1 e5 20. fxe5 Nxe5 21.
Nxe5 Bxe5 22. Be3 Bg3 23. Red1 Qe6 24. Kg1 Bc7 25. Bf2 Qe5 26. g3 Rf3 27. Bg2
Rxg3 28. Bxg3 Qxg3 29. Qg4 Qh2+ 30. Kf2 Rf8+ 31. Ke3 Bxg2 32. Qe6+ Kh8 33. Rd4
Rf3+ 0-1

[Event "Festivalul International de sah Arad 20"]
[Site "Arad"]
[Date "2016.08.10"]
[Round "6.71"]
[White "Badelita, Beniamin"]
[Black "Craciun, Bianca"]
[Result "1-0"]
[WhiteElo "1859"]
[BlackElo "1633"]
[PlyCount "63"]
[EventDate "2016.08.06"]

1. d4 d6 2. c4 e5 3. d5 g6 4. e4 Bg7 5. Nf3 f5 6. Nc3 Na6 7. b4 Nh6 8. c5 O-O
9. Bg5 Qd7 10. Bb5 c6 11. Bxa6 bxa6 12. dxc6 Qxc6 13. Qxd6 Qxd6 14. cxd6 fxe4
15. Nxe4 Bb7 16. Nfd2 Nf5 17. d7 h6 18. d8=Q Rfxd8 19. Bxd8 Rxd8 20. O-O Rd4
21. Rfe1 Bxe4 22. Nxe4 Rxb4 23. Rac1 Ra4 24. Rc8+ Bf8 25. Nc3 Ra5 26. Ra1 Kf7
27. Rc7+ Ke6 28. Rxa7 Bc5 29. Rc7 h5 30. Rc6+ Nd6 31. Ne4 Ba3 32. Rd1 1-0

[Event "Festivalul International de sah Arad 20"]
[Site "Arad"]
[Date "2016.08.10"]
[Round "7.69"]
[White "Momir, Marco-Ivan"]
[Black "Badelita, Beniamin"]
[Result "0-1"]
[WhiteElo "1581"]
[BlackElo "1859"]
[PlyCount "118"]
[EventDate "2016.08.06"]

1. d4 g6 2. Nf3 Bg7 3. Bf4 d6 4. e3 Nd7 5. c3 e5 6. dxe5 dxe5 7. Bg3 Ne7 8. h3
O-O 9. Bc4 c6 10. e4 b5 11. Bb3 Qc7 12. a4 Nc5 13. Bc2 Bb7 14. axb5 cxb5 15.
Nbd2 a6 16. O-O Rad8 17. Qe2 Rd7 18. Nb3 Na4 19. Rab1 Nc8 20. Nc1 Ncb6 21. Nd3
f6 22. Rfd1 Rfd8 23. Bb3+ Kh8 24. Nfe1 Nc4 25. f3 Bf8 26. Bf2 Nc5 27. Nxc5 Bxc5
28. Rxd7 Rxd7 29. Rd1 Rxd1 30. Bxd1 Qb6 31. Nd3 Bxf2+ 32. Qxf2 Qd6 33. Qe2 f5
34. exf5 gxf5 35. Bb3 e4 36. fxe4 fxe4 37. Bxc4 bxc4 38. Nf2 Qd5 39. Qe3 Ba8
40. Kf1 a5 41. Ke2 Qb5 42. Nd1 Bd5 43. Qg5 Qb7 44. Nf2 a4 45. Qd2 Qg7 46. Qe3
Qb7 47. Kd2 Kg8 48. Kc2 Bf7 49. Qd4 Qc6 50. Ng4 Qe6 51. Qd8+ Kg7 52. Qg5+ Bg6
53. h4 Qf7 54. Qe5+ Kf8 55. Qf6 Qxf6 56. Nxf6 e3+ 57. Kc1 h6 58. Ng4 Bf5 59.
Kd1 Bxg4+ 0-1

[Event "Festivalul International de sah Arad 20"]
[Site "Arad"]
[Date "2016.08.08"]
[Round "4.111"]
[White "Badelita, Beniamin"]
[Black "Varga, Iulia-Roxana"]
[Result "1-0"]
[WhiteElo "1859"]
[BlackElo "1108"]
[PlyCount "89"]
[EventDate "2016.08.06"]

1. c4 e5 2. g3 Nf6 3. Bg2 Nc6 4. e3 Bc5 5. Ne2 O-O 6. d4 Bb4+ 7. Nbc3 d6 8. a3
Bxc3+ 9. bxc3 e4 10. Rb1 Rb8 11. Nf4 Re8 12. O-O a6 13. f3 exf3 14. Bxf3 Bf5
15. Rb2 Be4 16. Nd5 Nxd5 17. cxd5 Na5 18. Bxe4 Rxe4 19. Qf3 Qe7 20. Rbf2 f6 21.
Qe2 b5 22. Rf4 Nc4 23. g4 Rxf4 24. Rxf4 g5 25. Rf2 Re8 26. Qf3 Kg7 27. e4 h6
28. Qf5 a5 29. h4 a4 30. h5 Qf7 31. Qf3 Rf8 32. Qd3 Qd7 33. Rf5 c6 34. dxc6
Qxc6 35. Rf2 d5 36. exd5 Qxd5 37. Qg6+ Kh8 38. Qxh6+ Kg8 39. Qg6+ Kh8 40. Bxg5
Qd7 41. Bxf6+ Rxf6 42. Qxf6+ Qg7 43. g5 Nxa3 44. h6 Qxf6 45. gxf6 1-0

[Event "Festivalul International de sah Arad 20"]
[Site "Arad"]
[Date "2016.08.07"]
[Round "2.57"]
[White "Kersten, Julian"]
[Black "Badelita, Beniamin"]
[Result "1-0"]
[WhiteElo "1999"]
[BlackElo "1859"]
[PlyCount "60"]
[EventDate "2016.08.06"]

1. Nf3 Nf6 2. g3 g6 3. Bg2 Bg7 4. d3 d5 5. O-O O-O 6. Nbd2 c5 7. e4 Nc6 8. h3
Qc7 9. Re1 d4 10. a4 e5 11. Nc4 h6 12. Nh4 Nh5 13. Bd2 a6 14. a5 Be6 15. b3
Rae8 16. Nf5 Kh7 17. Ncd6 Rd8 18. Nxg7 Nxg7 19. Nc4 Bxc4 20. bxc4 Ne6 21. Rf1
b6 22. axb6 Qxb6 23. f4 Ng7 24. fxe5 a5 25. Rf6 Ne6 26. Qc1 Qa7 27. Bxh6 Rh8
28. Bf4 a4 29. Bf3 Ra8 30. Bg4 Ncd8 1-0

[Event "Festivalul International de sah Arad 20"]
[Site "Arad"]
[Date "2016.08.07"]
[Round "3.95"]
[White "Panainte, Daniel-Iulian"]
[Black "Badelita, Beniamin"]
[Result "1-0"]
[WhiteElo "2057"]
[BlackElo "1859"]
[PlyCount "37"]
[EventDate "2016.08.06"]

1. e4 c5 2. Nf3 Qc7 3. Nc3 a6 4. a4 e6 5. g3 b6 6. Bg2 Bb7 7. O-O Nf6 8. Qe2
Nc6 9. d3 Nd4 10. Nxd4 cxd4 11. Nd1 Bb4 12. c3 dxc3 13. bxc3 Bxc3 14. Nxc3 Qxc3
15. Bb2 Qa5 16. Rfc1 Bc6 17. Bc3 Qg5 18. f4 Qc5+ 19. d4 1-0

[Event "Festivalul International de sah Arad 20"]
[Site "Arad"]
[Date "2016.08.06"]
[Round "1.59"]
[White "Badelita, Beniamin"]
[Black "Zubac, Marius"]
[Result "1-0"]
[WhiteElo "1859"]
[BlackElo "2154"]
[PlyCount "65"]
[EventDate "2016.08.06"]

1. d4 g6 2. c4 Bg7 3. e4 d6 4. Nc3 Nf6 5. Nf3 O-O 6. Be2 Nbd7 7. O-O c6 8. e5
dxe5 9. dxe5 Ng4 10. e6 Nde5 11. Nxe5 Nxe5 12. f4 Qb6+ 13. Kh1 Bxe6 14. fxe5
Bxe5 15. Qb3 Qc7 16. Ne4 Bg7 17. Bf4 Qb6 18. Be3 Qc7 19. Rad1 Bf5 20. Ng3 Bd7
21. Bc5 Rfe8 22. Rd2 f5 23. Rfd1 Be6 24. Qe3 Bf7 25. Rd7 Qb8 26. Qb3 f4 27. Ne4
b6 28. Bb4 c5 29. Bc3 Be6 30. Bxg7 Bxd7 31. Qc3 Qb7 32. Bh6 e5 33. Nf6+ 1-0

[Event "Arad PAB Romania Open 2012"]
[Site "?"]
[Date "2012.07.27"]
[Round "1.12"]
[White "Itkis, Boris"]
[Black "Badelita, Beniamin"]
[Result "1-0"]
[WhiteElo "2437"]
[BlackElo "1881"]
[PlyCount "45"]
[EventDate "2012.07.31"]
[TimeControl "5400"]

1. d4 c6 2. c4 d5 3. Nf3 Nf6 4. Nc3 a6 5. a4 g6 6. g3 Bg7 7. Bg2 O-O 8. O-O
Nbd7 9. Qb3 e6 10. a5 Re8 11. Rd1 b6 12. axb6 Nxb6 13. Ne5 Qc7 14. Bf4 Qb7 15.
Na4 Nxa4 16. Qxb7 Bxb7 17. Rxa4 Re7 18. Rb4 Nh5 19. Be3 c5 20. Rb6 Rc8 21. cxd5
exd5 22. f4 f6 23. Rxb7 1-0

[Event "Romanian Championship Men"]
[Site "?"]
[Date "2012.02.14"]
[Round "?"]
[White "Badelita, Beniamin"]
[Black "Nistor, Stefan"]
[Result "1-0"]
[WhiteElo "1945"]
[BlackElo "1707"]
[PlyCount "123"]
[EventDate "2012.??.??"]

1. e4 c5 2. Nf3 e6 3. g3 a6 4. Bg2 Nc6 5. O-O d6 6. c3 Nf6 7. Qe2 Be7 8. d4
cxd4 9. cxd4 d5 10. e5 Nd7 11. Nc3 b5 12. Be3 Nb6 13. Rac1 Bd7 14. Ne1 b4 15.
Nd1 Na7 16. Qg4 g6 17. Kh1 Bb5 18. Rg1 h5 19. Qh3 Be2 20. Bf3 Bb5 21. b3 Rc8
22. g4 h4 23. g5 Nc6 24. Rg4 Kd7 25. Rxh4 a5 26. Nb2 Qf8 27. Ned3 Qg7 28. Nc5+
Kc7 29. Rxh8 Rxh8 30. Qg4 Qh7 31. Bf4 Qh3 32. Qxh3 Rxh3 33. Kg2 Rh8 34. Kg3 Kb8
35. Be3 Ka8 36. h4 Kb8 37. Rc2 Ka8 38. Rc1 Kb8 39. Nbd3 Bf8 40. Nf4 Ne7 41. Bg4
Ka8 42. Ncxe6 fxe6 43. Nxe6 Kb8 44. Nxf8 Rxf8 45. Rc5 Ba6 46. Rxa5 Kb7 47. Rc5
Nf5+ 48. Bxf5 Rxf5 49. Bd2 Be2 50. f4 Rf8 51. Bxb4 Ra8 52. a4 Nxa4 53. bxa4
Rxa4 54. e6 Ra6 55. e7 Re6 56. Rxd5 Bc4 57. Re5 Rxe5 58. dxe5 Bf7 59. h5 gxh5
60. f5 Kc8 61. e6 Be8 62. f6 1-0